| 000 | 01106nam a2200277 i 4500 | ||
|---|---|---|---|
| 001 | 168653 | ||
| 003 | ES-MaACL | ||
| 005 | 20251001150413.0 | ||
| 008 | 080429s2007 sp |||| |dspa d | ||
| 020 | _a978-84-9772-434-0 | ||
| 080 | _a930 Fernández de Oviedo, Gonzalo | ||
| 080 | _a929 Juan, Príncipe de España | ||
| 080 | _a394(460.18)"14" | ||
| 080 | _a308(460.18)"14" | ||
| 100 | 1 |
_aMartínez López, Francisco. _978189 |
|
| 245 | 1 | 3 |
_aLa Casa del Príncipe de Asturias _b: (D. Juan, heredero de los Reyes Católicos) / _cFrancisco Martínez López. |
| 260 |
_aMadrid : _bDykinson, _c[2007] |
||
| 300 |
_a417 p. : _bil. ; _c24 cm. |
||
| 500 | _aBasado en la tesis del autor. | ||
| 600 | 1 | 7 |
_aFernández de Oviedo, Gonzalo, _d1478-1557. _tLibro de la Camara Real del Principe Don Juan, e officios de su casa e servicio ordinario _2 _9137721 |
| 600 | 0 | 4 |
_aJuan _cPríncipe de España ( _d1478-1497) _967098 |
| 650 | 4 |
_aCorte y cortesanos- _zCastilla (Reino) _9137722 |
|
| 651 | 4 |
_aCastilla (Reino)- _xSituación social. _9167781 |
|
| 852 |
_aES-MaACL _jL-29404 |
||
| 999 |
_c168653 _d168653 |
||